000 00409nam a22001697a 4500
003 MPLRDC
005 20220104113845.0
008 210129b ||||| |||| 00| 0 eng d
082 _a782.891 LSQ
100 _a叶永烈
245 _a倾城之恋
_c
250 _a一版一刷
260 _a
_b香港文化教育出版社有
_c1991
300 _b
650 _a梁实秋传记
942 _cBK
_o782.891 LSQ
999 _c2903
_d2893